| 000 | 01167cam a2200241 4500 | ||
|---|---|---|---|
| 001 | X119117 | ||
| 008 | 020731n2002 000 0 eng u | ||
| 035 | _a(Sirsi) u119117 | ||
| 245 | _aAutomotive property - special report 2002 | ||
| 260 | _c2002 | ||
| 490 |
_aEstates Gazette _v (0230) 27 July 2002, 87-99(8) |
||
| 520 | _aSpecial report containing three articles: "Pumped-up pumps" which describes the expanding retail choice at petrol stations with oil companies extending partnerships with supermarkets; "Dealt with a new hand" discusses the increased importance of property to motor dealerships now facing EU reforms which will free them from exclusive ties to one brand and allow them to sell any brand they want.; "Out of service?" deals with roadside service operators plans to set up on future toll roads. | ||
| 590 | _aABS | ||
| 650 | _aTOLL ROADS | ||
| 650 | _aAUTOMOTIVE INDUSTRY | ||
| 650 | _aPETROL STATION FORECOURTS | ||
| 650 | _aROADSIDE SERVICES | ||
| 650 | _aPETROL FILLING STATIONS | ||
| 650 | _aCAR DEALERSHIPS | ||
| 650 | _aROADSIDE FACILITIES | ||
| 690 | _aPROPERTY-COMMERCIAL PROPERTY-COMMERCIAL PROPERTY MARKET | ||
| 942 | _n0 | ||
| 999 |
_c70852 _d70852 |
||